Capitales et Sports #1 - Statistiques

Statistiques générales
  • Ce quiz a été pris 257 fois
    226 depuis la dernière actualisation
  • Le résultat moyen est 7 sur 14
Statistiques - réponses
Hint Réponse % Correct
Dans quelle capitale se sont déroulé les Jeux Olympiques de 1924 ? Paris
96%
Dans quelle capitale est basé le club omnisports du Panathinaïkos ? Athènes
82%
Complétez avec une capitale africaine le nom de cette course mythique originellement entre Paris et ... ? Dakar
73%
Dans quelle capitale se trouve le club de basket des Wizards ? Washington
73%
Dans quelle capitale se déroule annuellement le marathon connu comme étant le plus rapide et où les 7 derniers records de la discipline furent établi ? Berlin
72%
Dans quelle capitale a eu lieu le match entre l'Argentine et l'Angleterre au cours du quel Maradona a inscrit la "Main de Dieu" ? Mexico
54%
Dans quelle capitale se situe 18 clubs de football professionnel dont 7 en premiere division, qui est donc la ville avec la plus forte concentration de club professionnel au monde ? Buenos Aires
52%
Dans quelle capitale du Moyen-Orient se sont tenu les championnats du monde de natation en 2024 ? Doha
46%
Dans quelle capitale d'Asie se déroule tout les ans le Grand Prix de Formula 1 de Mariana Bay, qui fut en 2008 le premier à se tenir de nuit ? Singapour
42%
Dans quelle capitale s'est déroulé le drame du Heysel lors de la finale 1985 de la coupe d'Europe des Clubs Champions ? Bruxelles
40%
Dans quelle capitale est basé le club de rugby des Hurricanes ? Wellington
30%
Dans quelle capitale s'est tenu le match de boxe entre Ali et Foreman connu sous le nom de "La baston dans la jungle" en 1974 ? Kinshasa
25%
Dans quelle capitale se sont déroulé les premiers championnats du monde d'athlétisme en 1983? Helsinki
16%
Dans quelle capitale se trouve le stade Strahov d'une capicité de 220 000 places avec 7 terrains, ce qui en fait le plus grand du monde, bien que peu utilisé ? Prague
10%
Aucun quiz correspondant
Distribution des résultats
% des personnes avec chaque résultat
Percentile par nombre de réponses
Votre historique - résultats
Vous n’avez pas pris ce quiz depuis la dernière actualisation